[Event "Titled Tuesday intern op 03rd Aug"]
[Site "Chess.com INT"]
[Date "2021.08.03"]
[Round "8"]
[White "Lagunow, Raphael"]
[Black "Wyde, David A"]
[Result "1-0"]
[WhiteElo "2378"]
[BlackElo "2138"]
[PlyCount "101"]
[EventDate "2021.08.03"]
[EventType "swiss (blitz)"]
[EventRounds "11"]
[EventCountry "USA"]
[SourceTitle "CBM 203 Extra"]
[Source "ChessBase"]
[SourceDate "2021.09.30"]
[SourceVersion "1"]
[SourceVersionDate "2021.09.30"]
[SourceQuality "1"]

1. e4 c5 2. Nf3 e6 3. d4 cxd4 4. Nxd4 a6 5. Bd3 Qc7 6. 0-0 Bc5 7. Nb3 Be7 8. Qe2 d6 9. c4 Nf6 10. f4 Nc6 11. Nc3 b6 12. Be3 Bb7 13. Rae1 0-0 14. g4 Rfe8 15. g5 Nd7 16. h4 Rac8 17. Nd2 Bf8 18. Rf2 g6 19. h5 Nb4 20. Bb1 Nc6 21. Rh2 Bg7 22. Qg4 Nf8 23. hxg6 fxg6 24. Qh3 Ne7 25. Nd1 d5 26. cxd5 exd5 27. e5 Rcd8 28. Bd4 Bc8 29. Qc3 Qxc3 30. Nxc3 b5 31. Nb3 Ne6 32. Bb6 Rd7 33. Rf2 Rf8 34. Nc5 Nxc5 35. Bxc5 Re8 36. Rd1 Bf8 37. Bxe7 Bxe7 38. Nxd5 Bd8 39. Nf6+ Bxf6 40. Rxd7 Bxd7 41. gxf6 Rc8 42. Be4 Rc1+ 43. Kh2 Be6 44. a3 Re1 45. Bb7 a5 46. Rd2 h6 47. Rd6 Bf5 48. Bd5+ Kh7 49. f7 Kg7 50. Rd8 Re2+ 51. Kg1 1-0

[Event "Titled Tuesday intern op 03rd Aug"]
[Site "Chess.com INT"]
[Date "2021.08.03"]
[Round "11"]
[White "Najdin, Danil"]
[Black "Wyde, David A"]
[Result "0-1"]
[WhiteElo "2278"]
[BlackElo "2138"]
[PlyCount "184"]
[EventDate "2021.08.03"]
[EventType "swiss (blitz)"]
[EventRounds "11"]
[EventCountry "USA"]
[SourceTitle "CBM 203 Extra"]
[Source "ChessBase"]
[SourceDate "2021.09.30"]
[SourceVersion "1"]
[SourceVersionDate "2021.09.30"]
[SourceQuality "1"]

1. e4 c5 2. Nf3 e6 3. d4 cxd4 4. Nxd4 a6 5. Bd3 Qc7 6. Qe2 Bc5 7. Nb3 Be7 8. c4 d6 9. Nc3 Nf6 10. 0-0 0-0 11. Be3 b6 12. f4 Nbd7 13. Rac1 Bb7 14. g4 Nc5 15. Nxc5 bxc5 16. g5 Nd7 17. f5 Rfe8 18. Qh5 Ne5 19. Bb1 g6 20. Qh3 Bf8 21. b3 Rad8 22. Ne2 exf5 23. exf5 Qc6 24. fxg6 hxg6 25. Nf4 Nf3+ 26. Rxf3 Qxf3 27. Qxf3 Bxf3 28. Kf2 Bc6 29. Bd3 Bg7 30. Be2 Be5 31. Bf3 Bxf3 32. Kxf3 Bxf4 33. Bxf4 d5 34. cxd5 Rxd5 35. Rc4 Red8 36. Be3 Rf5+ 37. Ke2 Re8 38. h4 Rfe5 39. Rc3 Rc8 40. Kf3 Kf8 41. Bf4 Re6 42. Rc4 Rec6 43. Kg4 Ke7 44. h5 gxh5+ 45. Kxh5 Rh8+ 46. Kg4 Rh1 47. Kf5 Rf1 48. Re4+ Kd7 49. Kg4 Ra1 50. a4 Rb1 51. Re3 c4 52. bxc4 Rxc4 53. Rd3+ Ke8 54. a5 Rbb4 55. Rf3 Ra4 56. Kf5 Rxa5+ 57. Kf6 Rc6+ 58. Kg7 Rg6+ 59. Kh7 Rf5 60. Re3+ Kd7 61. Rd3+ Kc6 62. Be3 Re6 63. Bd2 Kb7 64. Kg7 Rg6+ 65. Kf8 Re6 66. Kg7 Re2 67. Bc3 Rf1 68. Bf6 Ref2 69. Kxf7 Rg2 70. Rd7+ Kc6 71. Ra7 Rxg5 72. Rxa6+ Kb5 73. Re6 Rgf5 74. Ke7 Kc5 75. Re5+ Rxe5+ 76. Bxe5 Re1 77. Kf6 Kd5 78. Bf4 Rf1 79. Kf5 Rf2 80. Kg5 Ke4 81. Bc7 Rg2+ 82. Kf6 Rf2+ 83. Ke6 Ra2 84. Bd6 Ra6 85. Ke7 Kd5 86. Bg3 Re6+ 87. Kd7 Rg6 88. Bh2 Rg7+ 89. Ke8 Rh7 90. Bg3 Ke6 91. Kf8 Rf7+ 92. Ke8 Rg7 0-1

[Event "Titled Tuesday intern op 03rd Aug"]
[Site "Chess.com INT"]
[Date "2021.08.03"]
[Round "10"]
[White "Tqebuchava, Zurab"]
[Black "Wyde, David A"]
[Result "0-1"]
[WhiteElo "2303"]
[BlackElo "2138"]
[PlyCount "128"]
[EventDate "2021.08.03"]
[EventType "swiss (blitz)"]
[EventRounds "11"]
[EventCountry "USA"]
[SourceTitle "CBM 203 Extra"]
[Source "ChessBase"]
[SourceDate "2021.09.30"]
[SourceVersion "1"]
[SourceVersionDate "2021.09.30"]
[SourceQuality "1"]

1. e4 c5 2. Nf3 e6 3. b3 Nf6 4. e5 Nd5 5. c4 Nb6 6. Bb2 Nc6 7. g3 Be7 8. Bg2 0-0 9. 0-0 d6 10. exd6 Bxd6 11. d4 cxd4 12. Nxd4 Ne7 13. Qe2 a6 14. Rd1 Qc7 15. Nf3 Nd7 16. Nc3 Ng6 17. Ne4 Be7 18. h4 h6 19. h5 Nge5 20. Nxe5 Nxe5 21. Nc3 Nc6 22. Ne4 Ne5 23. Qc2 Nc6 24. Qc3 e5 25. Qe3 Re8 26. Nc3 Bg5 27. Nd5 Qd8 28. Qe2 Be6 29. Ne3 Qc7 30. Nd5 Qd8 31. Qc2 Rc8 32. Qe2 Bxd5 33. Rxd5 Qf6 34. Qf3 Qxf3 35. Bxf3 Bf6 36. Rad1 Nd4 37. Bxd4 exd4 38. Rd7 b6 39. Kf1 Kf8 40. Re1 Rxe1+ 41. Kxe1 Re8+ 42. Kd1 Re7 43. Rxe7 Kxe7 44. Kd2 Kd6 45. Kd3 Kc5 46. Bd5 Bg5 47. Bxf7 a5 48. Bd5 Bf6 49. Bf7 b5 50. cxb5 Kxb5 51. Bc4+ Kb4 52. g4 Ka3 53. f3 a4 54. bxa4 Kxa4 55. Bb3+ Kb4 56. f4 Kc5 57. a4 Bd8 58. Bc2 Bf6 59. Bb3 Bd8 60. Bc2 Bc7 61. Bb3 Bxf4 62. Bc2 Be5 63. Bb3 Bf6 64. Bc2 Kb4 0-1

[Event "Titled Tuesday intern op 03rd Aug"]
[Site "Chess.com INT"]
[Date "2021.08.03"]
[Round "7"]
[White "Wyde, David A"]
[Black "Csonka, Balazs"]
[Result "0-1"]
[WhiteElo "2138"]
[BlackElo "2490"]
[PlyCount "90"]
[EventDate "2021.08.03"]
[EventType "swiss (blitz)"]
[EventRounds "11"]
[EventCountry "USA"]
[SourceTitle "CBM 203 Extra"]
[Source "ChessBase"]
[SourceDate "2021.09.30"]
[SourceVersion "1"]
[SourceVersionDate "2021.09.30"]
[SourceQuality "1"]

1. d4 Nf6 2. c4 g6 3. Nc3 Bg7 4. e4 0-0 5. Nf3 d6 6. Be2 Bg4 7. 0-0 Nfd7 8. d5 a5 9. h3 Bxf3 10. Bxf3 Na6 11. Re1 Nac5 12. Be3 c6 13. Bd4 Bxd4 14. Qxd4 Qb6 15. Rab1 a4 16. Be2 Rfd8 17. Bf1 a3 18. b4 Na4 19. Qxb6 Ndxb6 20. Nxa4 Nxa4 21. Rb3 c5 22. b5 Nb6 23. Ree3 Ra4 24. Rec3 e5 25. Bd3 Kg7 26. Kf1 h5 27. Ke2 Kh6 28. g3 h4 29. Kd2 Kg5 30. Kc2 Rda8 31. Bf1 f5 32. exf5 gxf5 33. Kc1 e4 34. Kd2 Nd7 35. Ke3 Ne5 36. Be2 Rh8 37. Rxa3 Rxa3 38. Rxa3 hxg3 39. fxg3 Rxh3 40. Kf2 Rh2+ 41. Ke1 f4 42. gxf4+ Kxf4 43. Ra8 Ke3 44. Rf8 Rxe2+ 45. Kd1 Rxa2 0-1

[Event "Titled Tuesday intern op 03rd Aug"]
[Site "Chess.com INT"]
[Date "2021.08.03"]
[Round "5"]
[White "Wyde, David A"]
[Black "Florescu, Codrut Constantin"]
[Result "1/2-1/2"]
[WhiteElo "2138"]
[BlackElo "2293"]
[PlyCount "161"]
[EventDate "2021.08.03"]
[EventType "swiss (blitz)"]
[EventRounds "11"]
[EventCountry "USA"]
[SourceTitle "CBM 203 Extra"]
[Source "ChessBase"]
[SourceDate "2021.09.30"]
[SourceVersion "1"]
[SourceVersionDate "2021.09.30"]
[SourceQuality "1"]

1. d4 Nf6 2. c4 e6 3. Nc3 Bb4 4. e3 b6 5. Bd3 Bb7 6. Nf3 Ne4 7. Qc2 f5 8. 0-0 Bxc3 9. bxc3 0-0 10. Ne1 Rf6 11. f3 Ng5 12. e4 fxe4 13. Bxg5 exd3 14. Nxd3 Nc6 15. Ne5 Na5 16. Ng4 Nxc4 17. Qe2 Nd6 18. Qe5 Ne8 19. Bxf6 Nxf6 20. Nxf6+ gxf6 21. Qf4 Kh8 22. Rfe1 Rc8 23. c4 Qf8 24. Rad1 Qg7 25. Kh1 Rg8 26. Re2 d6 27. Rdd2 e5 28. dxe5 fxe5 29. Qe3 Rf8 30. Rf2 Qf6 31. Rf1 a5 32. Kg1 Qf4 33. Qxf4 Rxf4 34. Rc1 Kg7 35. Kf2 Ba6 36. Rdc2 Rd4 37. Ke3 Kf6 38. g3 h5 39. f4 c5 40. fxe5+ Kxe5 41. Rf2 Bxc4 42. Rf4 Rd3+ 43. Kf2 Bxa2 44. Rh4 d5 45. Rxh5+ Kd4 46. Rh6 Rb3 47. h4 Rb2+ 48. Kf3 Kd3 49. h5 d4 50. Rd6 Rh2 51. Kg4 Kd2 52. Ra1 Bb3 53. Rxb6 c4 54. h6 d3 55. Rxa5 Bc2 56. Rc5 Bd1+ 57. Kg5 c3 58. Rbc6 Rh5+ 59. Kg6 Rh3 60. Rxc3 Rxg3+ 61. Kf7 Ba4 62. Rc7 Rf3+ 63. Kg8 Rg3+ 64. Kf8 Rf3+ 65. Ke7 Rh3 66. R3c4 Bb3 67. R4c6 Ke2 68. Rf6 d2 69. Rd7 d1Q 70. Rxd1 Bxd1 71. Kf8 Bc2 72. Kg7 Ke3 73. Rf8 Rg3+ 74. Kh8 Rh3 75. Kg7 Kd4 76. Rh8 Ke5 77. h7 Rg3+ 78. Kf8 Rh3 79. Kg7 Rg3+ 80. Kh6 Rh3+ 81. Kg7 1/2-1/2

[Event "Titled Tuesday intern op 03rd Aug"]
[Site "Chess.com INT"]
[Date "2021.08.03"]
[Round "1"]
[White "Wyde, David A"]
[Black "Timmermans, Mark"]
[Result "0-1"]
[WhiteElo "2138"]
[BlackElo "2385"]
[PlyCount "82"]
[EventDate "2021.08.03"]
[EventType "swiss (blitz)"]
[EventRounds "11"]
[EventCountry "USA"]
[SourceTitle "CBM 203 Extra"]
[Source "ChessBase"]
[SourceDate "2021.09.30"]
[SourceVersion "1"]
[SourceVersionDate "2021.09.30"]
[SourceQuality "1"]

1. d4 Nf6 2. c4 e6 3. Nc3 Bb4 4. e3 Ne4 5. Nge2 0-0 6. Qc2 f5 7. a3 Bxc3+ 8. Nxc3 Nxc3 9. Qxc3 b6 10. b4 Bb7 11. Bb2 d6 12. d5 e5 13. Be2 Nd7 14. 0-0 Qe7 15. f3 a5 16. e4 fxe4 17. fxe4 Rxf1+ 18. Rxf1 axb4 19. axb4 Nf6 20. Bf3 Bc8 21. Ra1 Rxa1+ 22. Bxa1 Bg4 23. Bb2 Qd7 24. Bc1 Bxf3 25. gxf3 h6 26. Be3 Qh3 27. Bd2 g5 28. Qe3 Kf7 29. Qf2 Qd7 30. h4 Kg6 31. hxg5 hxg5 32. Qg3 Nh7 33. Qg2 Qa4 34. Qe2 Nf6 35. Qe3 Qd1+ 36. Kg2 g4 37. Qg5+ Kf7 38. fxg4 Qe2+ 39. Kg1 Qxe4 40. Qh6 Qxg4+ 41. Kf1 Qxc4+ 0-1

[Event "Southern op 19th"]
[Site "Orlando"]
[Date "2011.04.02"]
[Round "3"]
[White "Wyde, David A"]
[Black "Becerra Rivero, Julio"]
[Result "1-0"]
[WhiteElo "2063"]
[BlackElo "2549"]
[PlyCount "81"]
[EventDate "2011.04.01"]
[EventType "swiss"]
[EventRounds "5"]
[EventCountry "USA"]
[SourceTitle "EXT 2012"]
[Source "ChessBase"]
[SourceDate "2011.11.24"]
[SourceVersion "1"]
[SourceVersionDate "2011.11.24"]
[SourceQuality "1"]

1. d4 Nf6 2. c4 g6 3. Nc3 Bg7 4. e4 d6 5. Nf3 0-0 6. Be2 e5 7. 0-0 Nc6 8. d5 Ne7 9. Ne1 Ne8 10. Be3 f5 11. f3 f4 12. Bf2 h5 13. c5 g5 14. a4 Kh8 15. a5 Ng8 16. cxd6 cxd6 17. b4 Nh6 18. Rc1 g4 19. Kh1 Rg8 20. Nb5 Bd7 21. Nxa7 Bf6 22. a6 Qb8 23. Nc6 bxc6 24. dxc6 Be6 25. b5 g3 26. Bg1 Bh4 27. c7 Qc8 28. b6 Rxa6 29. Bxa6 Qxa6 30. Qd3 Qb7 31. Qb5 Nf6 32. Nd3 Bd7 33. Qb4 Nf7 34. Ra1 gxh2 35. Bf2 Bxf2 36. Rxf2 Be6 37. Rb2 Nd7 38. Qb5 Qc8 39. Qc6 Qf8 40. b7 h4 41. Ra8 1-0